| 000 -CABECERA |
| campo de control de longitud fija |
01088nam a2200301 u 4500 |
| 001 - NÚMERO DE CONTROL |
| campo de control |
000057368 |
| 005 - FECHA Y HORA DE LA ÚLTIMA TRANSACCIÓN |
| campo de control |
20200120223600.0 |
| 008 - DATOS DE LONGITUD FIJA--INFORMACIÓN GENERAL |
| campo de control de longitud fija |
130628s2006 ck ao gr 000 0 spa d |
| 020 ## - NÚMERO INTERNACIONAL ESTÁNDAR DEL LIBRO |
| Número Internacional Estándar del Libro |
9789583021886. |
| 020 ## - NÚMERO INTERNACIONAL ESTÁNDAR DEL LIBRO |
| Número Internacional Estándar del Libro |
9583021881. |
| 041 ## - CÓDIGO DE LENGUA |
| Código de lengua del texto/banda sonora o título independiente |
spa |
| 043 0# - CÓDIGO DE ÁREA GEOGRÁFICA |
| Código de área geográfica |
e-sp-- |
| 082 04 - NÚMERO DE LA CLASIFICACIÓN DECIMAL DEWEY |
| Número de clasificación |
759.5 |
| Número de documento/Ítem |
R63 |
| Número de edición |
21 |
| 100 1# - ENTRADA PRINCIPAL--NOMBRE DE PERSONA |
| Nombre de persona |
Rogoyska, Jane |
| 245 10 - MENCIÓN DE TÍTULO |
| Título |
Modigliani / |
| Mención de responsabilidad, etc. |
Jane Rogoyska, Frances Alexander ; traducción Héctor Daniel Suárez Relaiza ; revisión versión en español María Teresa Guerrero. |
| 260 ## - PUBLICACIÓN, DISTRIBUCIÓN, ETC. |
| Lugar de publicación, distribución, etc. |
Bogotá : |
| Nombre del editor, distribuidor, etc. |
Panamericana Editorial, |
| Fecha de publicación, distribución, etc. |
2006. |
| 300 ## - DESCRIPCIÓN FÍSICA |
| Extensión |
160 p. : |
| Otras características físicas |
il., fot., cuadrs. |
| 490 0# - MENCIÓN DE SERIE |
| Mención de serie |
Colección de grandes maestros |
| 500 ## - NOTA GENERAL |
| Nota general |
Incluye indice de obras |
| 504 ## - NOTA DE BIBLIOGRAFÍA, ETC. |
| Nota de bibliografía, etc. |
Incluye bibliografía. |
| 600 17 - PUNTO DE ACCESO ADICIONAL DE MATERIA--NOMBRE DE PERSONA |
| Nombre de persona |
Modigliani Amadeo |
| Fechas asociadas al nombre |
1884 - 1920 |
| Subdivisión general |
Crítica e interpretación |
| 600 17 - PUNTO DE ACCESO ADICIONAL DE MATERIA--NOMBRE DE PERSONA |
| Nombre de persona |
Modigliani Amadeo |
| Fechas asociadas al nombre |
1884 - 1920 |
| Subdivisión general |
Trabajos pictóricos |
| 650 17 - PUNTO DE ACCESO ADICIONAL DE MATERIA--TÉRMINO DE MATERIA |
| Término de materia o nombre geográfico como elemento de entrada |
Pintores italianos |
| Fuente del encabezamiento o término |
LEMB. |
| 650 27 - PUNTO DE ACCESO ADICIONAL DE MATERIA--TÉRMINO DE MATERIA |
| Término de materia o nombre geográfico como elemento de entrada |
Pintura italiana |
| Fuente del encabezamiento o término |
LEMB. |
| 700 1# - PUNTO DE ACCESO ADICIONAL--NOMBRE DE PERSONA |
| Nombre de persona |
Suárez Relaiza, Héctor Daniel |
| Término indicativo de función/relación |
traductor. |
| 700 1# - PUNTO DE ACCESO ADICIONAL--NOMBRE DE PERSONA |
| Nombre de persona |
Guerrero, María Teresa, |
| Término indicativo de función/relación |
revisor. |
| 700 1# - PUNTO DE ACCESO ADICIONAL--NOMBRE DE PERSONA |
| Nombre de persona |
Alexander, Frances. |